Nongoernmental Organizations in World Bank (Record no. 5889)

MARC details
000 -LEADER
fixed length control field 00470nam a22001457a 4500
008 - FIXED-LENGTH DATA ELEMENTS--GENERAL INFORMATION
fixed length control field 171026b xxu||||| |||| 00| 0 eng d
020 ## - INTERNATIONAL STANDARD BOOK NUMBER
International Standard Book Number 0-8213-4456-0
082 ## - DEWEY DECIMAL CLASSIFICATION NUMBER
Classification number 338.9 GIB
100 ## - MAIN ENTRY--PERSONAL NAME
Personal name The World Bank
245 ## - TITLE STATEMENT
Title Nongoernmental Organizations in World Bank
Remainder of title Supported Projects
Statement of responsibility, etc. The World Bank
Medium English
260 ## - PUBLICATION, DISTRIBUTION, ETC. (IMPRINT)
Place of publication, distribution, etc. Washington DC
Name of publisher, distributor, etc. The World Bank
Date of publication, distribution, etc. 1999
300 ## - PHYSICAL DESCRIPTION
Extent 65p
Other physical details ill
Dimensions 27cm
650 ## - SUBJECT ADDED ENTRY--TOPICAL TERM
Source of heading or term Nongovernmental Organizations in World Bank
942 ## - ADDED ENTRY ELEMENTS (KOHA)
Source of classification or shelving scheme Dewey Decimal Classification
Koha item type BOOKS
Holdings
Withdrawn status Lost status Source of classification or shelving scheme Damaged status Not for loan Home library Current library Date acquired Total Checkouts Full call number Barcode Date last seen Price effective from Koha item type
    Dewey Decimal Classification     Mwanza Mwanza 26/10/2017   338.9 GIB 10000001272 26/10/2017 26/10/2017 BOOKS

IRDP © 2021 :: Managed by ICT Team